|
|
|
|
| LEADER |
01280nam a22003252a 4500 |
| 001 |
000849203 |
| 003 |
CZ BrMZK |
| 005 |
20160621111741.0 |
| 007 |
ta |
| 008 |
070426s1960 xr er|||||||||||cze d |
| 015 |
|
|
|a cnb000481793
|
| 035 |
|
|
|a (OCoLC)85330365
|
| 040 |
|
|
|a ABA001
|b cze
|c HKA001
|d ABA001
|d BOA001
|
| 041 |
0 |
|
|a cze
|a rum
|
| 080 |
9 |
|
|a 459.0(075)
|
| 100 |
1 |
|
|a Křečan, Antonín,
|d 1887-1972
|7 jk01070002
|4 aut
|
| 245 |
1 |
0 |
|a Cvičebnice rumunštiny.
|n 2. díl /
|c Antonín Křečan ; spoluprac. Vl. Hořejší a I. Secăreanu
|
| 250 |
|
|
|a 1. vyd.
|
| 260 |
|
|
|a Praha :
|b SPN,
|c 1960
|
| 300 |
|
|
|a 319 s. :
|b il. ;
|c 8° +
|e Klíč (8 s.)
|
| 500 |
|
|
|a Rumunsko-český a česko-rumunský slovníček
|
| 700 |
1 |
|
|a Săcăreanu, Ioan
|7 jx20060214032
|4 aut
|
| 700 |
1 |
|
|a Hořejší, Vladimír,
|d 1925-1992
|7 jk01042340
|4 aut
|
| 856 |
4 |
1 |
|u http://www.digitalniknihovna.cz/mzk/uuid/uuid:4339f8e0-864e-11e2-aa2b-005056827e51
|y Digitalizovaný dokument
|x NDK
|
| 910 |
|
|
|a BOA001
|b 2-0416.375,2
|b PK-0021.320,2
|
| 920 |
|
|
|a 000741738
|
| 990 |
|
|
|a BK
|
| 991 |
|
|
|b 200704
|
| 996 |
6 |
|
|b 2619234919
|c 2-0416.375,2
|l MZK
|r Sklad / do 24 hodin
|n 8
|w 000849203
|u 000010
|a 1
|e BOA001
|j MZK50
|s P
|
| 996 |
7 |
|
|b 3119638833
|c PK-0021.320,2
|l MZK
|r Sklad / do 1 hodiny
|n 7
|w 000849203
|u 000020
|a 1
|e BOA001
|j MZK50
|s A
|